| 000 | 00380cam a2200157ua 4500 | ||
|---|---|---|---|
| 003 | OSt | ||
| 008 | 240213b |||||||| |||| 00| 0 eng d | ||
| 041 | _aeng | ||
| 082 |
_a621.301 _bTHE/TE |
||
| 100 | _aTheraja, B L . | ||
| 245 | _aText book of electrical technology, Vol 2 / | ||
| 250 | _a22 / | ||
| 260 |
_aIndia : _bS.Chand & Sons , _c1997. |
||
| 300 | _a1312 ; . | ||
| 942 | _cBK | ||
| 999 |
_c95 _d95 |
||